000 00994nam a2200277Ia 4500
003 OSt
005 20221005103550.0
006 a|||||r|||| 00| 0
007 ta
008 221004b |||||||| |||| 00| 0 hin d
020 _a9788188257386 (hbk)
_cINR 200.00
024 _a41534
037 _b929/19, 29/01/2019, Literacy House
_cTextual
040 _aCRL
_cCRL
_bhin
041 _2hin
_ahin
082 _aO15,3x, 152Q8
100 _aद्विवेदी, प्रभुनाथ, ले.
245 0 _aकथाकौमुदी
246 _aKathākaumudī
260 _aजयपुर
_bहंसा प्रकाशन भारत
_c2018
300 _a106पृ0
_ccm.
650 _a संस्कृत साहित्य
650 _aसंस्कृत कहानी
942 _hO15,3x, 152Q8
_cTEXL
_2cc
999 _c1010301
_d1010301